| 000 | 00713nam a2200229Ia 4500 | ||
|---|---|---|---|
| 001 | 9332 | ||
| 003 | GE_BSU | ||
| 008 | 181216s||||||||xx |||||||||||||| ||und|| | ||
| 040 | _cGE_BSU | ||
| 080 | _a821.353.1-31 | ||
| 100 | _aმაისურაძე,ელიზბარ | ||
| 245 | _aქარბორბალა | ||
| 245 | _bრომანი | ||
| 245 | _cრედ. ნ.კანდელაკი.მხატვ.აკ.თევზაძე | ||
| 260 | _aთბილისი | ||
| 260 | _bსაბჭოთა საქართველო | ||
| 260 | _c1975 | ||
| 300 | _a554გვ.21სმ. | ||
| 653 | _aრომანი | ||
| 653 | _aქარბორბალა | ||
| 942 | _cBK | ||
| 999 |
_c42628 _d42628 |
||